Statistiques concernant Les plus grandes villes d'Allemagne

Cliquez ici pour prendre le quiz!

Statistiques générales

  • Ce quiz a été pris 6,222 fois
  • Le résultat moyen est 10 sur 20

Statistiques - réponses

Population Ville % Correct
3 520 031Berlin
100%
1 450 381Munich
94%
1 787 408Hambourg
85%
732 688Francfort-sur-le-Main
83%
1 060 582Cologne
75%
623 738Stuttgart
64%
612 178Düsseldorf
58%
586 181Dortmund
57%
557 464Brême
51%
560 472Leipzig
50%
543 825Dresde
50%
532 163Hanovre
49%
509 975Nuremberg
48%
318 809Bonn
46%
582 624Essen
33%
310 039Münster
12%
364 742Bochum
11%
333 090Bielefeld
10%
491 231Duisburg
9%
350 046Wuppertal
8%

Distribution des résultats

Percentile by Number Answered

% des personnes avec chaque résultat

Votre développement - résultats

Vous n’avez pas pris ce quiz